Представление документа в формате MARC21

Поле Инд. ПП Название Значение
Тип записи a
Библиографический уровень a
001 Контрольный номер c5880db9115a404db2272f0797366f68
005 Дата корректировки 20241212095307.9
020 a ISBN 978-5-7995-1373-3
041 0_ a Код языка текста rus
080 a Индекс УДК 691.32
097 b Оператор *Плё*
100 1_ a Автор Аль Матни Аксам
245 10 a Заглавие Модифицированный тяжелый бетон на основе бетонного лома для сооружений дорожного водоотвода
b Продолж. заглавия статья
p Название части/ раздела - Текст : электронный
260 a Место издания Тверь
b Издательство ТвГТУ
520 0_ a Аннотация В современном строительстве все больше внимания уделяется вопросам экологии и рационального использования ресурсов. Одним из перспективных направлений в этой области является рециклинг бетона – переработка многотоннажных отходов железобетона с целью их дальнейшего применения. В статье рассмотрен перспективный материал для строительства дорожных водоотводных сооружений – модифицированный тяжелый бетон на основе бетонного лома (МТББЛ) и выявлены его преимущества. Представлены рекомендации по производству и применению МТББЛ для строительства долговечных и надежных сооружений дорожного водоотвода.
653 0_ a Ключевые слова Рециклинг бетона
a Ключевые слова Модифицированный тяжелый бетон
a Ключевые слова Бетонный лом
a Ключевые слова Дорожный водоотвод
a Ключевые слова Экономичность
a Ключевые слова Экологичность
a Ключевые слова Прочность
a Ключевые слова Долговечность
a Ключевые слова Морозостойкость
a Ключевые слова Водонепроницаемость
700 12 a Другие авторы Ткач Е.В.
773 18 w Контрольный № источника b5f2281a861a4b79b61d0f71db93efb4
t Название источника Инновации и моделирование в строительном материаловедении и строительстве
d Место и дата издания Тверь : ТвГТУ, 2024
g Прочая информация С. 5-8
900 a Имя макрообъекта 001-000164434-000000000-0000-0000-01
901 t Тип документа a
950 a Редактор записи ст
951 i EL-ТГТУ? да